00404pab a2200145 454500008004000000100002000040245005500060260000900115300001300124362001000137650002800147650003300175650001600208773003400224180718b2008 xxu||||| |||| 00| 0 eng d aJena, Manipadma aFood insecurity among tribal communities in Orissa c2008 ap.18-21. a9 Feb aTribes - India - Orissa aFood supply - India - Orissa aFood supply aEconomic and Political Weekly